[Event "CN Seniori 2011"]
[Site "Sarata Monteoru"]
[Date "2011.02.14"]
[Round "3.24"]
[White "Doros, Radu Marian"]
[Black "Lupascu, Matei Alexandru"]
[Result "0-1"]
[WhiteElo "2348"]
[BlackElo "1946"]
[PlyCount "66"]
[EventDate "2011.02.12"]

1. d4 Nf6 2. c4 g6 3. Nc3 Bg7 4. e4 d6 5. Nf3 O-O 6. h3 Nbd7 7. Bg5 e5 8. d5 a5
9. Be2 Nc5 10. Nd2 h6 11. Be3 Nh7 12. g4 f5 13. exf5 gxf5 14. gxf5 Bxf5 15.
Bxc5 dxc5 16. Nce4 Qh4 17. Bg4 Bxe4 18. Nxe4 h5 19. Be6+ Kh8 20. Qe2 Rf4 21.
Ng3 Raf8 22. Rf1 Qg5 23. Nxh5 Bh6 24. Nxf4 Rxf4 25. Rd1 Nf6 26. d6 cxd6 27. Bd5
Nxd5 28. Rxd5 Qh4 29. Qd3 Re4+ 30. Kd1 Qf4 31. Kc2 Rxc4+ 32. Kb3 a4+ 33. Ka3
Rc1 0-1

[Event "CN Seniori 2011"]
[Site "Sarata Monteoru"]
[Date "2011.02.13"]
[Round "2.42"]
[White "Vacar, Gligore"]
[Black "Lupascu, Matei Alexandru"]
[Result "0-1"]
[WhiteElo "1810"]
[BlackElo "1946"]
[PlyCount "90"]
[EventDate "2011.02.12"]

1. e4 c5 2. c3 e6 3. Nf3 Nc6 4. Be2 d5 5. exd5 exd5 6. O-O Nf6 7. Bb5 Bd7 8.
Re1+ Be7 9. Qe2 a6 10. Bxc6 Bxc6 11. d3 h6 12. Nbd2 Rc8 13. Ne5 Rc7 14. Ndf3
O-O 15. Bf4 Bd6 16. Nxc6 Rxc6 17. Bxd6 Rxd6 18. Qe7 Qb6 19. Qe2 Qb5 20. Qd2 Rb6
21. b3 Nd7 22. h3 Rg6 23. Nh4 Rf6 24. Re2 Qc6 25. Rae1 b5 26. Nf3 Rg6 27. Nh4
Rf6 28. Nf3 Nb6 29. Ne5 Qc8 30. Ng4 Rd6 31. Qf4 Qd8 32. Ne3 d4 33. Nf5 Rf6 34.
cxd4 Nd5 35. Qg4 Rg6 36. Qh4 Qa8 37. Ng3 f5 38. dxc5 f4 39. Ne4 f3 40. Rc2
Rxg2+ 41. Kh1 Rf4 42. Qxf4 Nxf4 43. Nd6 Qd5 44. Re3 Rg1+ 45. Kxg1 Qg5+ 0-1

[Event "CN Seniori 2011"]
[Site "?"]
[Date "2011.02.12"]
[Round "1.3"]
[White "Lupascu, Matei Alexandru"]
[Black "Manolache, Marius"]
[Result "0-1"]
[WhiteElo "1946"]
[BlackElo "2544"]
[PlyCount "52"]
[EventDate "2011.??.??"]

1. d4 d6 2. c4 g6 3. Nc3 Bg7 4. e4 c6 5. Nf3 Bg4 6. Be2 Qb6 7. Na4 Qa5+ 8. Bd2
Qc7 9. Be3 Nd7 10. O-O Nb6 11. Nxb6 axb6 12. Qc2 Nf6 13. h3 Bc8 14. a3 O-O 15.
Rac1 Re8 16. Bd3 e5 17. d5 Nh5 18. Qb3 Nf4 19. Bxb6 Qd7 20. Be3 Nxg2 21. Kxg2
Qxh3+ 22. Kg1 Qxf3 23. Rfe1 Qg4+ 24. Kh2 Qh5+ 25. Kg1 Bg4 26. Bf1 Bf3 0-1

[Event "GRAND PRIX BALCANI - Festivalul Interna"]
[Site "?"]
[Date "2010.08.25"]
[Round "?"]
[White "Lupascu, Matei Alexandru"]
[Black "Ursente, Tudor Alexandru"]
[Result "1-0"]
[WhiteElo "1777"]
[BlackElo "1935"]
[PlyCount "59"]
[EventDate "2010.??.??"]

1. d4 d5 2. c4 c6 3. cxd5 cxd5 4. Nc3 Nf6 5. Bf4 h6 6. e3 Bf5 7. Qb3 Qd7 8. Nb5
Na6 9. Nd6+ exd6 10. Bb5 Rd8 11. Bxd7+ Rxd7 12. Rc1 Be7 13. Ne2 O-O 14. O-O g5
15. Bg3 h5 16. h3 h4 17. Bh2 g4 18. hxg4 Bxg4 19. f3 Bf5 20. Nf4 Kh8 21. Rc3
Nb8 22. Nxd5 Be6 23. e4 Nc6 24. Rd1 Rg8 25. Qb5 a6 26. Qe2 Nxd5 27. exd5 Bxd5
28. Qe3 Rg6 29. Bf4 Bf6 30. Qe8+ 1-0

[Event "GRAND PRIX BALCANI - Festivalul Interna"]
[Site "?"]
[Date "2010.08.24"]
[Round "?"]
[White "Gorbanovsky, Oleg"]
[Black "Lupascu, Matei Alexandru"]
[Result "0-1"]
[WhiteElo "1911"]
[BlackElo "1777"]
[PlyCount "54"]
[EventDate "2010.??.??"]

1. e4 c5 2. Nf3 e6 3. d4 cxd4 4. Nxd4 a6 5. Bd3 Bc5 6. Nb3 Ba7 7. Qe2 d6 8. Be3
Nc6 9. N1d2 Nf6 10. Nf3 O-O 11. Bxa7 Rxa7 12. e5 dxe5 13. Nxe5 Nxe5 14. Qxe5 b6
15. O-O Rd7 16. Qe2 a5 17. Bb5 Rd5 18. c4 Rd6 19. Rad1 Bb7 20. Rxd6 Qxd6 21.
Rd1 Qc7 22. Qd3 Qf4 23. Qe3 Qh4 24. f3 a4 25. Nd2 g5 26. Nf1 g4 27. Rd4 Qh5 0-1

[Event "GRAND PRIX BALCANI - Festivalul Interna"]
[Site "?"]
[Date "2010.08.22"]
[Round "?"]
[White "Bizovi, Mihai"]
[Black "Lupascu, Matei Alexandru"]
[Result "1/2-1/2"]
[WhiteElo "1938"]
[BlackElo "1777"]
[PlyCount "149"]
[EventDate "2010.??.??"]

1. d4 Nf6 2. c4 g6 3. Nc3 Bg7 4. e4 d6 5. Nf3 O-O 6. Be2 Nbd7 7. O-O e5 8. Re1
Re8 9. Bf1 a6 10. Rb1 c6 11. d5 c5 12. a3 Rf8 13. b4 Nh5 14. g3 a5 15. Nb5 axb4
16. axb4 Ra6 17. Be3 cxb4 18. Rxb4 Nc5 19. Nd2 b6 20. Qb1 f5 21. exf5 Bxf5 22.
Qd1 Qd7 23. f3 Bd3 24. Nb3 Bxf1 25. Rxf1 e4 26. N3d4 exf3 27. Nxf3 Ra2 28. Nd2
Re8 29. Qf3 Nd3 30. Rb3 Ne5 31. Qe2 Ng4 32. Rf3 Nhf6 33. Nc3 Ra6 34. Nf1 Ne5
35. Rf4 Nh5 36. Rh4 Qf7 37. Re4 Nf6 38. Rd4 Ra1 39. Rd1 Ra6 40. Kg2 Neg4 41.
Qf3 Nxe3+ 42. Nxe3 Nd7 43. Qxf7+ Kxf7 44. Nb5 Be5 45. Rf1+ Ke7 46. Ng4 Ra2+ 47.
Rf2 Rxf2+ 48. Kxf2 Rc8 49. Ne3 Ra8 50. Kf3 Nc5 51. Rb1 Ra2 52. h4 Nd3 53. Rf1
Ra4 54. Kg4 Nb2 55. Rc1 Rb4 56. Na7 Rb3 57. Nc6+ Kd7 58. Nxe5+ dxe5 59. Re1 Rc3
60. Kg5 Nxc4 61. Nxc4 Rxc4 62. Re3 b5 63. Kh6 Rg4 64. Rb3 Kd6 65. Rd3 b4 66.
Kxh7 Rc4 67. Kxg6 Rc3 68. Rd2 Rxg3+ 69. Kf5 b3 70. h5 Rf3+ 71. Kg4 Rf8 72. h6
Rh8 73. Rh2 Kxd5 74. Kg5 b2 75. Rxb2 1/2-1/2

[Event "GRAND PRIX BALCANI - Festivalul Interna"]
[Site "?"]
[Date "2010.08.22"]
[Round "?"]
[White "Lupascu, Matei Alexandru"]
[Black "Hanga, Wylly"]
[Result "1/2-1/2"]
[WhiteElo "1777"]
[BlackElo "1963"]
[PlyCount "99"]
[EventDate "2010.??.??"]

1. d4 Nf6 2. c4 e6 3. Nf3 b6 4. e3 Bb7 5. Be2 Be7 6. O-O d6 7. Nc3 Nbd7 8. a3
c5 9. b4 O-O 10. Bb2 a6 11. Rb1 Rb8 12. Qc2 Qc7 13. Nd2 Rfc8 14. dxc5 dxc5 15.
b5 a5 16. Bf3 Ne5 17. Bxb7 Rxb7 18. h3 Rd8 19. Nce4 Ne8 20. Rbd1 Qb8 21. Bc3 f5
22. Ng3 Rbd7 23. f4 Nf7 24. Nf3 Bf6 25. Bxf6 Nxf6 26. Rxd7 Rxd7 27. Rd1 g6 28.
Rxd7 Nxd7 29. Qd2 Qd6 30. e4 Qxd2 31. Nxd2 e5 32. exf5 exf4 33. fxg6 hxg6 34.
Ne2 Nde5 35. Nxf4 Nd6 36. Nd5 Nexc4 37. Nxc4 Nxc4 38. Kf2 Nxa3 39. Nxb6 Nxb5
40. Ke3 Kg7 41. Ke4 Nc3+ 42. Kd3 Nd1 43. Nd5 a4 44. Kc2 Nf2 45. Nb6 a3 46. Kb3
Kh6 47. Kxa3 Kh5 48. Nd7 Nd3 49. Kb3 Kh4 50. Kc4 1/2-1/2

[Event "GRAND PRIX BALCANI - Festivalul Interna"]
[Site "?"]
[Date "2010.08.20"]
[Round "?"]
[White "Lupascu, Matei Alexandru"]
[Black "Lupu, Romica"]
[Result "1-0"]
[WhiteElo "1777"]
[BlackElo "2004"]
[PlyCount "193"]
[EventDate "2010.??.??"]

1. d4 Nf6 2. c4 g6 3. Nc3 Bg7 4. e4 d6 5. h3 Nbd7 6. Bg5 h6 7. Be3 O-O 8. Qd2
Kh7 9. Bd3 e5 10. d5 Nc5 11. Bc2 Bd7 12. Nge2 Qe7 13. b4 Na6 14. a3 Ng8 15. g4
Qh4 16. Ng3 Ne7 17. g5 f5 18. gxf6 Rxf6 19. Nce2 Raf8 20. c5 Nc8 21. Bd3 Nb8
22. Rc1 Rf3 23. cxd6 c6 24. dxc6 Nxc6 25. b5 Nd4 26. Bxd4 exd4 27. Rc7 Nb6 28.
Rh2 Be5 29. a4 Bxd6 30. Rxb7 Qe7 31. Qd1 Bb4+ 32. Kf1 Bxh3+ 33. Rxh3 Rxf2+ 34.
Kg1 Qxb7 35. Qc1 Qg7 36. e5 Be7 37. Nxd4 R8f4 38. Ne6 Qxe5 39. Nxf4 Qxf4 40.
Qxf4 Rxf4 41. a5 Nc4 42. a6 Bc5+ 43. Kh1 Nd6 44. Rh5 Bb6 45. Rd5 Rd4 46. Rxd4
Bxd4 47. Ne2 Bc5 48. Nf4 Nxb5 49. Bxb5 g5 50. Bd3+ Kg8 51. Nh5 Kf7 52. Kg2 Ke6
53. Kf3 Ke5 54. Kg4 Be3 55. Ng3 Kd5 56. Nf5 Bf4 57. Nxh6 Kc6 58. Nf5 Kc7 59.
Nd4 Be3 60. Nb5+ Kb6 61. Nd6 Kc6 62. Nc4 Bc1 63. Kf5 Bf4 64. Nb2 Kb6 65. Nd1
Bd2 66. Nf2 Be3 67. Ng4 Bf4 68. Ke6 Kc7 69. Nf6 Bd2 70. Nd5+ Kc6 71. Nf6 Be3
72. Ke7 Bb6 73. Ne4 Kc7 74. Nxg5 Bc5+ 75. Ke8 Bf2 76. Be4 Bg3 77. Bb7 Bh2 78.
Ke7 Bg3 79. Ne6+ Kb6 80. Kd7 Bf2 81. Kc8 Bg3 82. Nf8 Bf4 83. Ng6 Bg3 84. Ne7
Bh2 85. Nd5+ Ka5 86. Kd7 Be5 87. Kc6 Bg3 88. Bc8 Bh2 89. Kb7 Bg1 90. Ne7 Bf2
91. Bh3 Bg1 92. Nc6+ Kb5 93. Bf1+ Ka4 94. Nxa7 Ka5 95. Nc8 Bf2 96. Nd6 Bg1 97.
Nc4+ 1-0

[Event "GRAND PRIX BALCANI - Festivalul Interna"]
[Site "?"]
[Date "2010.08.19"]
[Round "?"]
[White "Stanciu, Alexandru Ovidiu"]
[Black "Lupascu, Matei Alexandru"]
[Result "1-0"]
[WhiteElo "2261"]
[BlackElo "1777"]
[PlyCount "45"]
[EventDate "2010.??.??"]

1. d4 Nf6 2. c4 g6 3. Nc3 Bg7 4. e4 d6 5. Bg5 O-O 6. Qd2 Nbd7 7. f4 c5 8. d5 a6
9. a4 Ne8 10. Nf3 f5 11. exf5 Rxf5 12. Bd3 Rf8 13. O-O Ndf6 14. Rae1 Nc7 15.
Nh4 e6 16. dxe6 Nxe6 17. f5 Nxg5 18. Qxg5 gxf5 19. Bxf5 Bd7 20. Rf3 Ne8 21. Re7
h6 22. Bh7+ Kh8 23. Rxf8+ 1-0

[Event "Festivalul International de Sa"]
[Site "Eforie Nord"]
[Date "2010.07.02"]
[Round "10.12"]
[White "Lupascu, Matei Alexandru"]
[Black "Zubac, Mihai Paul"]
[Result "1/2-1/2"]
[WhiteElo "1782"]
[BlackElo "1952"]
[PlyCount "48"]
[EventDate "2010.06.24"]

1. d4 d5 2. c4 e6 3. cxd5 exd5 4. Nc3 c6 5. Nf3 Nf6 6. Bg5 Bd6 7. e3 O-O 8. Bd3
h6 9. Bh4 Bg4 10. Rb1 Nbd7 11. b4 Re8 12. O-O Qc7 13. Bg3 Bxg3 14. hxg3 Ne4 15.
Qc2 Nxc3 16. Qxc3 Bxf3 17. gxf3 Qd6 18. Rfc1 Rac8 19. b5 Rc7 20. bxc6 bxc6 21.
Bf5 Nb6 22. Qc5 Qf6 23. Bh3 Nc4 24. f4 Qg6 1/2-1/2

[Event "Festivalul International de Sa"]
[Site "Eforie Nord"]
[Date "2010.07.01"]
[Round "9.6"]
[White "Pop, Alexandru"]
[Black "Lupascu, Matei Alexandru"]
[Result "1-0"]
[WhiteElo "2080"]
[BlackElo "1782"]
[Annotator ",alex"]
[PlyCount "47"]
[EventDate "2010.06.24"]

1. e4 c5 2. Nc3 e6 3. Nge2 a6 4. g3 Nc6 5. Bg2 Nf6 6. O-O Be7 7. d4 cxd4 8.
Nxd4 Qc7 9. Re1 d6 10. Nxc6 bxc6 11. e5 dxe5 12. Rxe5 O-O 13. Re1 Bb7 14. Bf4
Qd8 15. Ne4 Nd5 16. Bd2 Qb6 17. c4 Nf6 18. Bc3 Nxe4 19. Bxe4 Bb4 20. Bxh7+ $1
Kxh7 21. Qh5+ Kg8 22. Bxg7 $1 f6 (22... Kxg7 23. Qg5+ Kh8 24. Re4) 23. Qg6 Qc7
24. Bxf6+ 1-0

[Event "Festivalul International de Sa"]
[Site "Eforie Nord"]
[Date "2010.06.30"]
[Round "8.11"]
[White "Lupascu, Matei Alexandru"]
[Black "Elfert, Aleksandr V"]
[Result "1-0"]
[WhiteElo "1782"]
[BlackElo "2053"]
[PlyCount "139"]
[EventDate "2010.06.24"]

1. d4 Nf6 2. c4 e6 3. Nf3 b6 4. e3 Bb7 5. Be2 Bb4+ 6. Nbd2 O-O 7. O-O a5 8. a3
Bxd2 9. Qxd2 Ne4 10. Qc2 f5 11. b3 d6 12. Bb2 Nd7 13. b4 a4 14. Rfd1 Ndf6 15.
c5 Bd5 16. Nd2 Nxd2 17. Qxd2 Ne4 18. Qc1 Qh4 19. Rf1 Rf6 20. f3 Rh6 21. fxe4
Qxh2+ 22. Kf2 Qh4+ 23. g3 Qh2+ 24. Ke1 Qxg3+ 25. Kd2 Bxe4 26. Qe1 Qh3 27. cxd6
cxd6 28. Rc1 Rg6 29. Rg1 f4 30. exf4 Qb3 31. Bc3 Rh6 32. Qg3 g6 33. Bf3 Qa2+
34. Ke3 Rh2 35. Rh1 Bxf3 36. Qxf3 Rc8 37. Rxh2 Qxh2 38. Bd2 Rxc1 39. Bxc1 Qg1+
40. Kd2 Qxd4+ 41. Kc2 Qc4+ 42. Kb1 d5 43. Qe3 d4 44. Qf3 h5 45. Qa8+ Kf7 46.
Qxa4 h4 47. Qd7+ Kg8 48. Qe8+ Kg7 49. Qe7+ Kg8 50. Qxh4 d3 51. Qe1 Kf7 52. Qd2
Qe4 53. Kb2 Ke7 54. Kc3 e5 55. fxe5 Qxe5+ 56. Kxd3 Qd5+ 57. Kc2 Ke6 58. Qd3
Qg2+ 59. Bd2 g5 60. Qc3 Kf7 61. Qc7+ Kg8 62. Qd8+ Kf7 63. Qxg5 Qe4+ 64. Kb2 Qd3
65. Qf4+ Kg8 66. Qe3 Qd5 67. Qg5+ Qxg5 68. Bxg5 b5 69. Kc3 Kf7 70. Kd4 1-0

[Event "baieti 14 ani"]
[Site "Voineasa"]
[Date "2010.04.14"]
[Round "9.7"]
[White "Lupascu, Matei Alexandru"]
[Black "Szijarto, Norbert-Ludwig"]
[Result "1-0"]
[WhiteElo "1733"]
[BlackElo "1590"]
[PlyCount "81"]
[EventDate "2010.??.??"]

1. d4 Nf6 2. c4 e6 3. Nf3 Bb4+ 4. Nbd2 O-O 5. e3 d5 6. a3 Bxd2+ 7. Qxd2 Nbd7 8.
Bd3 Re8 9. b4 Nf8 10. Bb2 Bd7 11. O-O h6 12. Rac1 c6 13. Ne5 N8h7 14. Qc2 Ng5
15. f3 Re7 16. a4 Be8 17. Ba3 Rc7 18. Qb1 a6 19. c5 Ngh7 20. Rc3 Nf8 21. h3
N8d7 22. f4 Nh5 23. g4 Qh4 24. Rf3 Nhf6 25. Kg2 Nxe5 26. fxe5 Nd7 27. Qf1 Nf8
28. Bc1 h5 29. gxh5 Qxh5 30. Rg3 Ng6 31. Rc2 Nh4+ 32. Kh2 Nf5 33. Bxf5 Qxf5 34.
Rf2 Qe4 35. Rfg2 g6 36. Rg4 Qf5 37. Rf4 Qh5 38. Bd2 Rac8 39. Be1 Qd1 40. Rh4
Qxa4 41. Qf6 1-0

[Event "baieti 14 ani"]
[Site "Voineasa"]
[Date "2010.04.12"]
[Round "7.8"]
[White "Lupascu, Matei Alexandru"]
[Black "Dobre, Mihai"]
[Result "0-1"]
[WhiteElo "1733"]
[BlackElo "1856"]
[PlyCount "133"]
[EventDate "2010.??.??"]

1. d4 Nf6 2. c4 g6 3. Nc3 Bg7 4. e4 d6 5. h3 O-O 6. Bg5 c5 7. d5 Na6 8. Be2 Nc7
9. Nf3 Bd7 10. Qd2 Rb8 11. Bh6 b5 12. Bxg7 Kxg7 13. Qc2 bxc4 14. Bxc4 Nb5 15.
O-O Qc7 16. Rfe1 Nxc3 17. Qxc3 Bb5 18. Nd2 Kg8 19. Rab1 Rb7 20. Bxb5 Rxb5 21.
Nc4 Rfb8 22. Rbd1 Nd7 23. b3 Nb6 24. Ne3 Nd7 25. Rc1 Qa5 26. Qc2 Qa6 27. Ng4 h5
28. Ne3 Rb4 29. Red1 Rc8 30. Nc4 Ne5 31. Nxe5 dxe5 32. f3 Rd4 33. Rxd4 exd4 34.
Qd2 e6 35. dxe6 Qxe6 36. Qa5 Qb6 37. Qxb6 axb6 38. a4 f6 39. Kf2 Kf7 40. Ke2
Ke6 41. Kd3 h4 42. Kc4 Rc6 43. f4 g5 44. fxg5 fxg5 45. Rf1 Ke5 46. Kd3 Rg6 47.
Rf5+ Ke6 48. Rf8 g4 49. hxg4 Rxg4 50. Rh8 Ke5 51. Re8+ Kf4 52. e5 Rg3+ 53. Kd2
Rxg2+ 54. Kd3 Kf5 55. e6 Kf6 56. e7 Kf7 57. Rh8 Kxe7 58. Rxh4 Rg3+ 59. Kc2 Kd6
60. Rh6+ Kc7 61. Rh7+ Kc6 62. Rh2 Kb7 63. Rf2 Ka6 64. Rh2 Ka5 65. Rf2 Rc3+ 66.
Kb2 Kb4 67. Ka2 0-1

[Event "baieti 14 ani"]
[Site "Voineasa"]
[Date "2010.04.11"]
[Round "6.4"]
[White "Condurat, Florin-Marian"]
[Black "Lupascu, Matei Alexandru"]
[Result "1-0"]
[WhiteElo "1725"]
[BlackElo "1733"]
[PlyCount "61"]
[EventDate "2010.??.??"]

1. e4 c5 2. Nf3 e6 3. c4 a6 4. Nc3 Qc7 5. Be2 d6 6. d4 cxd4 7. Nxd4 Nf6 8. O-O
Be7 9. b3 Nbd7 10. Bb2 b6 11. Bd3 Bb7 12. Bc2 Rb8 13. Qf3 Nc5 14. Rfe1 O-O 15.
Rac1 Rfd8 16. Qh3 Ba8 17. f4 d5 18. exd5 exd5 19. Nxd5 Bxd5 20. cxd5 Rxd5 21.
b4 Rh5 22. Qf3 Qd7 23. Nc6 Re8 24. bxc5 Rxc5 25. Rxe7 Rxe7 26. Nxe7+ Qxe7 27.
Qa8+ Ne8 28. Qf3 Qe6 29. Qe4 Rxc2 30. Qxc2 Qe3+ 31. Qf2 1-0

[Event "baieti 14 ani"]
[Site "Voineasa"]
[Date "2010.04.10"]
[Round "4.4"]
[White "Manole, Stefan"]
[Black "Lupascu, Matei Alexandru"]
[Result "1-0"]
[WhiteElo "1936"]
[BlackElo "1733"]
[PlyCount "79"]
[EventDate "2010.??.??"]

1. e4 c5 2. Nf3 e6 3. d4 cxd4 4. Nxd4 a6 5. c4 d6 6. Nc3 Nf6 7. Be3 Be7 8. Be2
O-O 9. O-O b6 10. f4 Qc7 11. Bd3 Nbd7 12. Nb3 Bb7 13. Qf3 Rab8 14. Qh3 e5 15.
Nd5 Nxd5 16. exd5 g6 17. f5 Nf6 18. Nd2 Bc8 19. Rac1 Qd8 20. g4 b5 21. g5 Nh5
22. Qh4 Re8 23. f6 Bf8 24. cxb5 axb5 25. Nb3 Qd7 26. Rc2 Bb7 27. Be4 Ra8 28.
Rfc1 Rec8 29. Rxc8 Rxc8 30. Rxc8 Qxc8 31. Na5 Ba8 32. Qf2 Qg4+ 33. Qg2 Qd1+ 34.
Kf2 Nf4 35. Bxf4 exf4 36. Qf3 Qxf3+ 37. Kxf3 h6 38. h4 hxg5 39. hxg5 Kh7 40.
Kxf4 1-0

[Event "baieti 14 ani"]
[Site "Voineasa"]
[Date "2010.04.09"]
[Round "2.7"]
[White "Graur, Andrei-Alexandru"]
[Black "Lupascu, Matei Alexandru"]
[Result "1/2-1/2"]
[WhiteElo "1692"]
[BlackElo "1733"]
[PlyCount "68"]
[EventDate "2010.??.??"]

1. d4 Nf6 2. Nf3 g6 3. e3 Bg7 4. Bd3 O-O 5. O-O d5 6. c3 Nbd7 7. Nbd2 c5 8. e4
cxd4 9. cxd4 dxe4 10. Nxe4 Nxe4 11. Bxe4 Nf6 12. Bd3 Bg4 13. Be2 Rc8 14. Be3
Nd5 15. a3 Qb6 16. Qd2 Rfd8 17. Rfd1 Qb3 18. Rac1 Bf5 19. Rxc8 Rxc8 20. Rc1
Rxc1+ 21. Qxc1 Nxe3 22. fxe3 Bh6 23. Kf2 Bd3 24. Qc3 Qxc3 25. bxc3 Bxe2 26.
Kxe2 Kg7 27. Kd3 Kf6 28. c4 Ke6 29. e4 f6 30. c5 Kd7 31. Kc4 Be3 32. d5 Bf4 33.
h3 h5 34. Nd4 Be5 1/2-1/2

[Event "CAMPIONATUL NATIONAL INDIVIDUA"]
[Site "BAILE OLANESTI"]
[Date "2010.02.01"]
[Round "2.53"]
[White "Lupascu, Matei Alexandru"]
[Black "Marin, Constantin"]
[Result "0-1"]
[WhiteElo "1740"]
[BlackElo "1933"]
[PlyCount "86"]
[EventDate "2010.01.31"]

1. d4 c6 2. c4 d5 3. cxd5 cxd5 4. Nf3 Nf6 5. Nc3 e6 6. Bf4 Be7 7. e3 a6 8. Bd3
Bd7 9. O-O O-O 10. Ne5 Be8 11. Rc1 Nc6 12. a3 Nxe5 13. Bxe5 Nd7 14. Bg3 f5 15.
Qb3 b5 16. Na2 Nf6 17. Nb4 Ne4 18. Bc7 Qd7 19. Rfd1 Bd6 20. Bxd6 Qxd6 21. f4
Bd7 22. Rc2 a5 23. Na2 Rab8 24. Nc3 b4 25. Nxe4 fxe4 26. Bxe4 dxe4 27. Rc5 a4
28. Qc4 bxa3 29. bxa3 Rfc8 30. Rc1 Rxc5 31. Qxc5 Qxc5 32. Rxc5 Rc8 33. Ra5 Kf7
34. Ra7 Ke7 35. Ra5 Rc3 36. Re5 Kd6 37. Rxe4 Rxa3 38. Re5 Rd3 39. Kf2 Bc6 40.
Ra5 Rd2+ 41. Kf1 Rxg2 42. Ra6 Kc7 43. Ra7+ Kb6 0-1

[Event "CAMPIONATUL NATIONAL INDIVIDUA"]
[Site "?"]
[Date "2010.01.31"]
[Round "?"]
[White "Chirita Mihaila, Marius Constantin"]
[Black "Lupascu, Matei Alexandru"]
[Result "1-0"]
[WhiteElo "2136"]
[BlackElo "1740"]
[PlyCount "80"]
[EventDate "2010.??.??"]

1. c4 c5 2. g3 Nc6 3. Bg2 g6 4. Nf3 Bg7 5. O-O e6 6. Nc3 Nge7 7. d3 O-O 8. Be3
d6 9. h4 h5 10. Qc1 Nf5 11. Bg5 Qb6 12. Rb1 Ncd4 13. Nxd4 Nxd4 14. Bh6 Bd7 15.
Bxg7 Kxg7 16. e3 Nc6 17. Ne4 Ne5 18. Qc3 f6 19. b4 cxb4 20. Rxb4 Qc7 21. c5 d5
22. Nd6 Bc6 23. Rfb1 Rab8 24. Qb3 a5 25. Rf4 Nf7 26. Nxf7 Rxf7 27. d4 a4 28.
Qd1 b6 29. cxb6 Rxb6 30. Rxb6 Qxb6 31. g4 Rb7 32. Bf1 Qb1 33. Qf3 hxg4 34. Qxg4
Bd7 35. Qf3 f5 36. Qg3 Be8 37. h5 Qb4 38. Rh4 Qe7 39. hxg6 Bxg6 40. Rf4 Rb8 1-0

[Event "Varna Bulgaria, 4-th ETSCC"]
[Site "?"]
[Date "2009.06.18"]
[Round "?"]
[White "Lupascu, Matei Alexandru"]
[Black "Vassilenko, Ilya"]
[Result "1/2-1/2"]
[WhiteElo "1614"]
[BlackElo "1773"]
[PlyCount "54"]
[EventDate "2009.??.??"]

1. d4 d5 2. c4 c6 3. cxd5 cxd5 4. Nc3 e6 5. Nf3 Nf6 6. Bf4 Nc6 7. e3 Bb4 8. Bd3
O-O 9. O-O a6 10. a3 Bd6 11. Bxd6 Qxd6 12. b4 e5 13. dxe5 Nxe5 14. Nxe5 Qxe5
15. Ne2 Be6 16. Nd4 Rac8 17. Rc1 Rxc1 18. Qxc1 Rc8 19. Qb1 Qc7 20. Qc2 Qxc2 21.
Bxc2 Kf8 22. Rb1 Bd7 23. Kf1 Ne4 24. Bxe4 dxe4 25. Ke2 Ke7 26. Kd2 g6 27. Rc1
Bc6 1/2-1/2

[Event "CN Juniori Voineasa 2009 - B14"]
[Site "www.frsah.ro"]
[Date "2009.04.14"]
[Round "9.11"]
[White "Farcas, Andrei"]
[Black "Lupascu, Matei Alexandru"]
[Result "1-0"]
[WhiteElo "1771"]
[BlackElo "1614"]
[PlyCount "115"]
[EventDate "2009.04.08"]

1. c4 c5 2. Nc3 Nc6 3. g3 g6 4. Bg2 Bg7 5. Nf3 e6 6. d3 Nge7 7. O-O O-O 8. Bd2
d5 9. cxd5 exd5 10. Qc1 b6 11. Bh6 Bb7 12. Bxg7 Kxg7 13. Rb1 d4 14. Nd1 Qd6 15.
b3 Nd5 16. Nd2 f5 17. Nc4 Qd7 18. Qb2 Kg8 19. a4 Rae8 20. Re1 f4 21. Qd2 fxg3
22. hxg3 Ne5 23. f3 Nxc4 24. dxc4 Nb4 25. Nb2 Qc7 26. Kf2 Re3 27. Nd1 Re7 28.
Nb2 Nc6 29. Nd3 Re3 30. Nf4 Ne7 31. Bh3 Nf5 32. Bxf5 Rxf5 33. Rg1 g5 34. Nh5 g4
35. Nf4 gxf3 36. Rbe1 Rxb3 37. Qc2 fxe2 38. Qxb3 Qd7 39. Rxe2 d3 40. Rd2 Qd4+
41. Kf1 Be4 42. Qb2 Qe3 43. Rf2 Bb7 44. Qd2 Qe7 45. Qxd3 Be4 46. Qe2 Re5 47.
Qg4+ Kh8 48. Qh4 Qd6 49. Nd5 Bd3+ 50. Kg2 Be4+ 51. Kh2 Re6 52. Nf6 Bg6 53. Rgf1
Kg7 54. Ng4 h5 55. Nf6 Re5 56. Qf4 Qe7 57. Nd5 Qd6 58. Re1 1-0

[Event "Campionatul National pentru co"]
[Site "www.frsah.ro"]
[Date "2009.04.13"]
[Round "8.11"]
[White "Lupascu, Matei Alexandru"]
[Black "Camarascu, Radu Stefan"]
[Result "1/2-1/2"]
[WhiteElo "1614"]
[BlackElo "1782"]
[PlyCount "89"]
[EventDate "2009.04.08"]

1. c4 e5 2. Nc3 Nf6 3. g3 c6 4. Bg2 d5 5. cxd5 cxd5 6. e3 Nc6 7. d4 exd4 8.
exd4 Bb4 9. Nge2 h6 10. O-O O-O 11. a3 Ba5 12. b4 Bb6 13. Na4 a6 14. Nxb6 Qxb6
15. Be3 Bf5 16. Nf4 Rad8 17. Rc1 Be4 18. Bxe4 Nxe4 19. Nh5 Ne7 20. Qg4 Ng6 21.
Rc2 Nd6 22. f4 Nc4 23. Bf2 f5 24. Qf3 Ne7 25. g4 fxg4 26. Qxg4 Qg6 27. Qxg6
Nxg6 28. Rc3 Nxf4 29. Nxf4 Rxf4 30. Re1 Rdf8 31. Re2 Rf3 32. Rxf3 Rxf3 33. Re7
Rxa3 34. Rxb7 Rb3 35. Ra7 Rxb4 36. Rxa6 Nd2 37. Ra5 Nf3+ 38. Kg2 Nxd4 39. Rxd5
Ne6 40. Ra5 Rb2 41. Kg3 Ng5 42. Ra4 Re2 43. Bd4 Re4 44. Ra8+ Kf7 45. Ba1
1/2-1/2

[Event "CN Juniori Voineasa 2009 - B14"]
[Site "www.frsah.ro"]
[Date "2009.04.12"]
[Round "7.7"]
[White "Marinescu, Stefan"]
[Black "Lupascu, Matei Alexandru"]
[Result "1-0"]
[WhiteElo "1906"]
[BlackElo "1614"]
[PlyCount "59"]
[EventDate "2009.04.08"]

1. d4 Nf6 2. c4 e5 3. d5 Bc5 4. Bd2 Ne4 5. e3 Nxd2 6. Nxd2 O-O 7. Bd3 f5 8. Ne2
Qg5 9. g3 e4 10. Bb1 d6 11. Nf4 Qf6 12. Qc2 g5 13. Ne2 Nd7 14. Qc3 Qh6 15. h4
Ne5 16. b4 f4 17. gxf4 gxf4 18. bxc5 fxe3 19. Qxe3 Qf6 20. Qg5+ Qxg5 21. hxg5
Nf3+ 22. Nxf3 exf3 23. Ng3 Rf7 24. cxd6 cxd6 25. Kd2 Bg4 26. Ne4 Kf8 27. Nf6
Bd7 28. Nxd7+ Rxd7 29. Rxh7 Rxh7 30. Bxh7 1-0

[Event "CN Juniori Voineasa 2009 - B14"]
[Site "www.frsah.ro"]
[Date "2009.04.11"]
[Round "5.8"]
[White "Cosmulescu, Alexandru-Paul"]
[Black "Lupascu, Matei Alexandru"]
[Result "1/2-1/2"]
[WhiteElo "1827"]
[BlackElo "1614"]
[PlyCount "58"]
[EventDate "2009.04.08"]

1. e4 c5 2. c4 e6 3. Nc3 Nc6 4. g3 g6 5. Bg2 Bg7 6. Nge2 Nge7 7. d3 O-O 8. Rb1
a6 9. Be3 d6 10. O-O Rb8 11. a4 e5 12. f4 f5 13. Qd2 Bd7 14. b3 b6 15. fxe5
dxe5 16. Nd5 Nxd5 17. exd5 Nb4 18. Nc3 Qc7 19. Na2 Nxa2 20. Qxa2 f4 21. Bc1
fxg3 22. Rxf8+ Rxf8 23. hxg3 Bf5 24. Be4 Qf7 25. Qg2 Qd7 26. Be3 Bh3 27. Qe2
Bg4 28. Qg2 Bh3 29. Qe2 Bg4 1/2-1/2

[Event "Campionatul National pentru co"]
[Site "www.frsah.ro"]
[Date "2009.04.11"]
[Round "6.7"]
[White "Lupascu, Matei Alexandru"]
[Black "Chiru, Alexandru"]
[Result "1/2-1/2"]
[WhiteElo "1614"]
[BlackElo "1788"]
[PlyCount "75"]
[EventDate "2009.04.08"]

1. d4 Nf6 2. c4 g6 3. Nc3 d5 4. Bg5 dxc4 5. e3 Bg7 6. Bxc4 O-O 7. Nf3 c6 8. O-O
Nbd7 9. b4 Nb6 10. Bb3 Nbd5 11. Nxd5 Nxd5 12. a3 Bf5 13. Rc1 Re8 14. Re1 Nc7
15. Qd2 Be6 16. Qa2 Bxb3 17. Qxb3 Qd5 18. Qxd5 Nxd5 19. Rc5 f6 20. Bh4 Rad8 21.
Rec1 Nc7 22. Bg3 Ne6 23. R5c2 Kf7 24. Nd2 Rd7 25. Nb3 g5 26. Nc5 Nxc5 27. bxc5
e5 28. dxe5 fxe5 29. e4 Ke6 30. f3 Rf8 31. h3 Rff7 32. Kf1 Bf8 33. Ke2 h6 34.
Bf2 Rh7 35. a4 Rhf7 36. Rb1 Rh7 37. Rcb2 Rhf7 38. Rc2 1/2-1/2

[Event "CN Juniori Voineasa 2009 - B14"]
[Site "www.frsah.ro"]
[Date "2009.04.09"]
[Round "3.8"]
[White "Lupascu, Matei Alexandru"]
[Black "Doros, Radu Marian"]
[Result "0-1"]
[WhiteElo "1614"]
[BlackElo "2188"]
[PlyCount "74"]
[EventDate "2009.04.08"]

1. d4 Nf6 2. c4 g6 3. Nc3 d5 4. cxd5 Nxd5 5. e4 Nxc3 6. bxc3 Bg7 7. Nf3 c5 8.
Bb2 O-O 9. Be2 cxd4 10. cxd4 Qa5+ 11. Qd2 Qxd2+ 12. Kxd2 Nc6 13. Bc3 Rd8 14. d5
e6 15. Bc4 exd5 16. exd5 Be6 17. Bxg7 Kxg7 18. Ke2 Bxd5 19. Bxd5 Rxd5 20. Rhd1
Re8+ 21. Kf1 Red8 22. Rxd5 Rxd5 23. Rb1 b6 24. Ke2 Ra5 25. Rb2 Kf6 26. h4 Ra4
27. g3 Nb4 28. Ke3 Nxa2 29. Rc2 Nb4 30. Rd2 Ra2 31. Rd7 h6 32. g4 Ke6 33. Rb7
Nd5+ 34. Ke4 Nf6+ 35. Kd3 Nxg4 36. Nd4+ Kf6 37. f3 Ne5+ 0-1